<?xml version="1.0" encoding="UTF-8"?>
<record
    xmlns:xsi="http://www.w3.org/2001/XMLSchema-instance"
    xsi:schemaLocation="http://www.loc.gov/MARC21/slim http://www.loc.gov/standards/marcxml/schema/MARC21slim.xsd"
    xmlns="http://www.loc.gov/MARC21/slim">

  <leader>03090cam a2200325 i 4500</leader>
  <controlfield tag="001">20160884</controlfield>
  <controlfield tag="005">20250319181941.0</controlfield>
  <controlfield tag="008">171122m20179999cl       b    000 0 spa  </controlfield>
  <datafield tag="010" ind1=" " ind2=" ">
    <subfield code="a">  2018365859</subfield>
  </datafield>
  <datafield tag="020" ind1=" " ind2=" ">
    <subfield code="a">9789563468885 (tomo I)</subfield>
  </datafield>
  <datafield tag="035" ind1=" " ind2=" ">
    <subfield code="a">(PE-LiEIC)it201600006637</subfield>
  </datafield>
  <datafield tag="040" ind1=" " ind2=" ">
    <subfield code="a">DLC</subfield>
    <subfield code="b">eng</subfield>
    <subfield code="c">DLC</subfield>
    <subfield code="e">rda</subfield>
  </datafield>
  <datafield tag="042" ind1=" " ind2=" ">
    <subfield code="a">pcc</subfield>
  </datafield>
  <datafield tag="043" ind1=" " ind2=" ">
    <subfield code="a">s-cl---</subfield>
  </datafield>
  <datafield tag="050" ind1="0" ind2="0">
    <subfield code="a">KHF4136</subfield>
    <subfield code="b">.E934 2017</subfield>
  </datafield>
  <datafield tag="100" ind1="1" ind2=" ">
    <subfield code="a">Evans Espi&#xF1;eira, Eugenio,</subfield>
    <subfield code="e">author.</subfield>
    <subfield code="9">33205</subfield>
  </datafield>
  <datafield tag="245" ind1="1" ind2="0">
    <subfield code="a">Derecho y regulaci&#xF3;n econ&#xF3;mica de la energ&#xED;a el&#xE9;ctrica /</subfield>
    <subfield code="c">Eugenio Evans Espi&#xF1;eira, Eduardo Y&#xE1;&#xF1;ez Rebolledo.</subfield>
  </datafield>
  <datafield tag="250" ind1=" " ind2=" ">
    <subfield code="a">1a edici&#xF3;n.</subfield>
  </datafield>
  <datafield tag="300" ind1=" " ind2=" ">
    <subfield code="a">volumes ;</subfield>
    <subfield code="c">25 cm.</subfield>
  </datafield>
  <datafield tag="490" ind1="0" ind2=" ">
    <subfield code="a">Colecci&#xF3;n Tratados y manuales</subfield>
  </datafield>
  <datafield tag="504" ind1=" " ind2=" ">
    <subfield code="a">Includes bibliographical references.</subfield>
  </datafield>
  <datafield tag="505" ind1=" " ind2=" ">
    <subfield code="a">Cap&#xED;tulo 1. Estructura del sector el&#xE9;ctrico en Chile -- Cap&#xED;tulo 2. La concesi&#xF3;n el&#xE9;ctrica -- Cap&#xED;tulo 3. Permisos y servidumbres -- Cap&#xED;tulo 4. Explotaci&#xF3;n de los servicios el&#xE9;ctricos y del suministro -- Cap&#xED;tulo 5. Sistemas el&#xE9;ctricos y su funcionamiento -- Cap&#xED;tulo 6. Segmento transmisi&#xF3;n -- Cap&#xED;tulo 7. Panel de expertos -- Cap&#xED;tulo 8. Superintendencia de electricidad y combustibles.</subfield>
  </datafield>
  <datafield tag="520" ind1=" " ind2=" ">
    <subfield code="a">Este libro analiza las instituciones fundamentales de la regulaci&#xF3;n jur&#xED;dica y econ&#xF3;mica del sector el&#xE9;ctrico chileno. Describe la normativa que le es aplicable, rese&#xF1;a las autoridades sectoriales, explica el funcionamiento de los servicios p&#xFA;blicos el&#xE9;ctricos, la concesi&#xF3;n como instrumento clave de esta actividad econ&#xF3;mica, las obligaciones que pesan sobre concesionarios el&#xE9;ctricos, las que se imponen a los propietarios de los predios particulares, p&#xFA;blicos y fiscales, en fin, acerca de la forma en que opera la coordinaci&#xF3;n de las instalaciones que conforman un sistema el&#xE9;ctrico. Analiza muy profunda y sofisticadamente al Panel de Expertos creado por la Ley N&#xB0; 19.940, a la Superintendencia de Electricidad y Combustibles, instituida por la Ley N&#xB0; 18.410 y al Coordinador Independiente del Sistema El&#xE9;ctrico Nacional, cuyo origen est&#xE1; en la reciente Ley N&#xB0; 20.936, lo anterior, sin descuidar al Ministerio de Energ&#xED;a y a la Comisi&#xF3;n Nacional de Energ&#xED;a, como las m&#xE1;ximas autoridades sectoriales. Trat&#xE1;ndose de la Ley N&#xB0; 20.936, este libro recoge las principales normativas en ella contenida, en especial, lo relacionado a la nueva forma en que regula el sector de transmisi&#xF3;n de energ&#xED;a el&#xE9;ctrica, como divide las instalaciones que lo integran, su determinaci&#xF3;n, el acceso abierto a ellas, entre otras materias de relevancia para esta &#xE1;rea de la actividad econ&#xF3;mica nacional, la m&#xE1;s intensamente reglamentada de todas. Esta obra es el resultado de la experiencia profesional p&#xFA;blico-privada de los autores.</subfield>
  </datafield>
  <datafield tag="650" ind1=" " ind2="0">
    <subfield code="a">Electric utilities</subfield>
    <subfield code="x">Law and legislation</subfield>
    <subfield code="z">Chile.</subfield>
    <subfield code="9">33206</subfield>
  </datafield>
  <datafield tag="650" ind1=" " ind2="0">
    <subfield code="a">Energ&#xED;a el&#xE9;ctrica</subfield>
    <subfield code="z">Chile</subfield>
    <subfield code="v">Derecho</subfield>
    <subfield code="9">33207</subfield>
  </datafield>
  <datafield tag="700" ind1="1" ind2=" ">
    <subfield code="a">Y&#xE1;&#xF1;ez Rebolledo, Eduardo,</subfield>
    <subfield code="e">author.</subfield>
    <subfield code="9">33208</subfield>
  </datafield>
  <datafield tag="906" ind1=" " ind2=" ">
    <subfield code="a">7</subfield>
    <subfield code="b">cbc</subfield>
    <subfield code="c">origres</subfield>
    <subfield code="d">2</subfield>
    <subfield code="e">ncip</subfield>
    <subfield code="f">20</subfield>
    <subfield code="g">y-gencatlg</subfield>
  </datafield>
  <datafield tag="942" ind1=" " ind2=" ">
    <subfield code="2">ddc</subfield>
    <subfield code="c">LIBRO</subfield>
  </datafield>
  <datafield tag="999" ind1=" " ind2=" ">
    <subfield code="c">18283</subfield>
    <subfield code="d">18283</subfield>
  </datafield>
  <datafield tag="952" ind1=" " ind2=" ">
    <subfield code="0">0</subfield>
    <subfield code="1">0</subfield>
    <subfield code="2">ddc</subfield>
    <subfield code="4">0</subfield>
    <subfield code="7">0</subfield>
    <subfield code="8">REF</subfield>
    <subfield code="a">BC</subfield>
    <subfield code="b">BC</subfield>
    <subfield code="d">2025-03-19</subfield>
    <subfield code="e">donaci&#xF3;n</subfield>
    <subfield code="o">346.083 E92d 2017 c.1</subfield>
    <subfield code="p">00025289</subfield>
    <subfield code="r">2025-03-19</subfield>
    <subfield code="w">2025-03-19</subfield>
    <subfield code="y">LIBRO</subfield>
  </datafield>
</record>
